000 00345pab a2200157 454500
008 180718b2013 xxu||||| |||| 00| 0 eng d
100 _aKhanna, Sri Ram
245 _aThe national consumer helpline
260 _c2013
300 _ap.77-82.
362 _aJul
650 _aConsumers
773 _aSeminar
908 _aN
909 _a101112
999 _c101111
_d101111